| 000 | 00512nam a2200181Ia 4500 | ||
|---|---|---|---|
| 999 |
_c36231 _d36231 |
||
| 003 | OSt | ||
| 005 | 20201209103740.0 | ||
| 008 | 190216s9999||||xx |||||||||||||| ||und|| | ||
| 040 | _coclc | ||
| 082 |
_a158.3 _bRAO/C |
||
| 100 |
_aRao, S Narayana _97318 |
||
| 245 | 0 |
_aCounselling And Guidance / _cS Narayana Rao |
|
| 250 | _a2nd Ed. | ||
| 260 |
_bTata Mcgrawhill Publishers, _c1995. _aNew Delhi: |
||
| 300 | _a321p | ||
| 650 | _aBotany | ||
| 942 |
_cREF _2ddc _h158.3 _iRAO/C _k158.3 _mRAO/C |
||